00347nam a2200121Ia 4500008004100000041000800041082001700049100003900066245005100105250000800156260005300164300000800217231228s2002 xx 000 0 und d aeng a658.155bKNI aKNIGHT (John) / SATCHELL (Stephen) aForecasting Volatility in the Financial Market a2nd aLondonbButter Worth and Heine Man London,c2002 a407